ՀՀ Գիտությունների ազգային ակադեմիայի հիմնարար գիտական գրադարան  =   Fundamental Scientific Library of NAS RA

Анаят : (Record no. 279322)

MARC details
000 -LEADER
fixed length control field 00757nam a2200217 u 4500
001 - CONTROL NUMBER
control field 000755195
003 - CONTROL NUMBER IDENTIFIER
control field AM-YeHGA
005 - DATE AND TIME OF LATEST TRANSACTION
control field 20250617143649.0
008 - FIXED-LENGTH DATA ELEMENTS--GENERAL INFORMATION
fixed length control field 100813s1984 ||| r 000 0 rus d
040 ## - CATALOGING SOURCE
Original cataloging agency AM-YeHGA
041 1# - LANGUAGE CODE
Language code of text/sound track or separate title rus
090 ## - LOCALLY ASSIGNED LC-TYPE CALL NUMBER (OCLC); LOCAL CALL NUMBER (RLIN)
-- 280974
100 1# - MAIN ENTRY--PERSONAL NAME
Personal name Рузиев, Машур Рузиевич
245 10 - TITLE STATEMENT
Title Анаят :
Remainder of title Исторический роман /
Statement of responsibility, etc. Машур Рузиев; Пер. с уйгур. Н. Ровенского.
260 ## - PUBLICATION, DISTRIBUTION, ETC.
Place of publication, distribution, etc. Алма-Ата :
Name of publisher, distributor, etc. Жазушы,
Date of publication, distribution, etc. 1984.
300 ## - PHYSICAL DESCRIPTION
Extent 192 с.
653 0# - INDEX TERM--UNCONTROLLED
Uncontrolled term Уйгуры (х. л.)
653 0# - INDEX TERM--UNCONTROLLED
Uncontrolled term Крестьянство в Казахстане (х. л.)
653 0# - INDEX TERM--UNCONTROLLED
Uncontrolled term Семиречье, 19-20 вв. (х. л.)
700 1# - ADDED ENTRY--PERSONAL NAME
Personal name Ровенский, Н.
Relator term пер.
Relationship trl
Holdings
Withdrawn status Lost status Damaged status Not for loan Collection Home library Current library Date acquired Total checkouts Full call number Barcode Date last seen Price effective from Koha item type Public note
        General Fundamental Scientific Library Fundamental Scientific Library 29/12/2016   PII/530630 FL0171120 29/12/2016 29/12/2016 Գրքեր / Books 30 Days Loan


ՀՀ ԳԱԱ հիմնարար գիտական գրադարան
ՀՀ,Երևան 0019
Մարշալ Բաղրամյան 24/6
հեռախոս:(374-10) 52-47-50
Հետադարձ կապ

All site content, except where otherwise noted, is licensed under a
Creative Commons License